000 00812nam a2200253 a 4500
008 951213s1978||||[C 0 slo c
020 _c11
040 _aSNK
_bslo
_cSNK
_eAACR2
041 1 _aslo
_hukr
044 _axo
_cSK
080 _a883-3
100 1 _aMyrnyj, Panas
_4aut
245 1 0 _aPremrhaná sila
_cPanas Myrnyj, Ivan Bilyk ; Andrej Pestremenko, Pavol Plutko, Jozef Haščák
250 _a1., vyd.
260 _aKošice
_bVýchodoslovenské vydavateľstvo
_c1978
_eKošice
_fVýchodoslovenské tlačiarne
300 _a370 s., 19,87 AH
_c20 cm
490 0 _aLipa
_vZv. 16.
500 _aIlustr. na front. Pozn. prekl. Brož. 18,50 Kčs.
700 1 _aBilyk, Ivan
_4aut
700 1 _aPestremenko, Andrej
_4trl
700 1 _aPlutko, Pavol
_4[ADC]
700 1 _aHaščák, Jozef
_4bkd
958 _aA
999 _c12131
_d12131